<?xml version="1.0" encoding="UTF-8"?>
<collection xmlns="http://www.loc.gov/MARC21/slim">
 <record>
  <leader>01703cam a22004454i 4500</leader>
  <controlfield tag="001">TVCDKTCT82948</controlfield>
  <controlfield tag="005">20160331082639.2</controlfield>
  <controlfield tag="008">110803t20112011njua          001 0 eng  </controlfield>
  <datafield tag="980" ind1="\" ind2="\">
   <subfield code="a">Thư viện Trường CĐ Kỹ Thuật Cao Thắng</subfield>
  </datafield>
  <datafield tag="024" ind1=" " ind2=" ">
   <subfield code="a">RG_1 #1 eb0</subfield>
  </datafield>
  <datafield tag="010" ind1=" " ind2=" ">
   <subfield code="a">2011935811</subfield>
  </datafield>
  <datafield tag="020" ind1=" " ind2=" ">
   <subfield code="a">1118026225 (paperback)</subfield>
  </datafield>
  <datafield tag="020" ind1=" " ind2=" ">
   <subfield code="a">9781118026229 (paperback)</subfield>
  </datafield>
  <datafield tag="020" ind1=" " ind2=" ">
   <subfield code="z">9781118157626 (ebook)</subfield>
  </datafield>
  <datafield tag="020" ind1=" " ind2=" ">
   <subfield code="z">9781118157633 (ebook)</subfield>
  </datafield>
  <datafield tag="020" ind1=" " ind2=" ">
   <subfield code="z">9781118157640 (ebook)</subfield>
  </datafield>
  <datafield tag="040" ind1=" " ind2=" ">
   <subfield code="a">DLC </subfield>
   <subfield code="b">eng </subfield>
   <subfield code="c">DLC </subfield>
   <subfield code="e">rda </subfield>
   <subfield code="d">DLC</subfield>
  </datafield>
  <datafield tag="042" ind1=" " ind2=" ">
   <subfield code="a">pcc</subfield>
  </datafield>
  <datafield tag="050" ind1="0" ind2="0">
   <subfield code="a">QA76.76.H94 </subfield>
   <subfield code="b">H367 2011</subfield>
  </datafield>
  <datafield tag="082" ind1="0" ind2="0">
   <subfield code="a">006.7/4 </subfield>
   <subfield code="b">HTML CSS 300A</subfield>
  </datafield>
  <datafield tag="100" ind1="1" ind2=" ">
   <subfield code="a">Harrel, William.</subfield>
  </datafield>
  <datafield tag="245" ind1="1" ind2="0">
   <subfield code="a">HTML, CSS &amp; JavaScript mobile development for dummies / </subfield>
   <subfield code="c">by William Harrel.</subfield>
  </datafield>
  <datafield tag="246" ind1="3" ind2=" ">
   <subfield code="a">HTML, CSS, and JavaScript mobile development for dummies</subfield>
  </datafield>
  <datafield tag="264" ind1=" " ind2="1">
   <subfield code="a">Hoboken, NJ : </subfield>
   <subfield code="b">John Wiley &amp; Sons, Inc., </subfield>
   <subfield code="c">[2011]</subfield>
  </datafield>
  <datafield tag="264" ind1=" " ind2="4">
   <subfield code="c">©2011</subfield>
  </datafield>
  <datafield tag="300" ind1=" " ind2=" ">
   <subfield code="a">xvi, 412 pages : </subfield>
   <subfield code="b">illustrations ; </subfield>
   <subfield code="c">24 c</subfield>
  </datafield>
  <datafield tag="336" ind1=" " ind2=" ">
   <subfield code="a">text </subfield>
   <subfield code="2">rdaconten</subfield>
  </datafield>
  <datafield tag="337" ind1=" " ind2=" ">
   <subfield code="a">unmediated </subfield>
   <subfield code="2">rdamedi</subfield>
  </datafield>
  <datafield tag="338" ind1=" " ind2=" ">
   <subfield code="a">volume </subfield>
   <subfield code="2">rdacarrie</subfield>
  </datafield>
  <datafield tag="500" ind1=" " ind2=" ">
   <subfield code="a">&quot;Published simultaneously in Canada&quot;--Title page verso</subfield>
  </datafield>
  <datafield tag="500" ind1=" " ind2=" ">
   <subfield code="a">Includes index</subfield>
  </datafield>
  <datafield tag="650" ind1=" " ind2=" ">
   <subfield code="a">Application software </subfield>
   <subfield code="x">Development</subfield>
  </datafield>
  <datafield tag="650" ind1=" " ind2=" ">
   <subfield code="a">Cascading style sheets</subfield>
  </datafield>
  <datafield tag="650" ind1=" " ind2=" ">
   <subfield code="a">HTML (Document markup language</subfield>
  </datafield>
  <datafield tag="650" ind1=" " ind2=" ">
   <subfield code="a">JavaScript (Computer program language</subfield>
  </datafield>
  <datafield tag="650" ind1=" " ind2=" ">
   <subfield code="a">Mobile computing </subfield>
   <subfield code="x">Programming</subfield>
  </datafield>
  <datafield tag="906" ind1=" " ind2=" ">
   <subfield code="a">7 </subfield>
   <subfield code="b">cbc </subfield>
   <subfield code="c">orignew </subfield>
   <subfield code="d">2 </subfield>
   <subfield code="e">epcn </subfield>
   <subfield code="f">20 </subfield>
   <subfield code="g">y-gencatlg</subfield>
  </datafield>
  <datafield tag="925" ind1="0" ind2=" ">
   <subfield code="a">acquire </subfield>
   <subfield code="b">2 shelf copies </subfield>
   <subfield code="x">policy default</subfield>
  </datafield>
  <datafield tag="955" ind1=" " ind2=" ">
   <subfield code="a">pc24 2011-08-03 </subfield>
   <subfield code="a">xh00 2011-11-14 to USPL/STM </subfield>
   <subfield code="i">xh62 2013-06-20; to SL </subfield>
   <subfield code="e">xh14 2013-06-20 to Dewey ; copy 2 to CALM </subfield>
   <subfield code="w">xl06 2013-08-09</subfield>
  </datafield>
  <datafield tag="985" ind1=" " ind2=" ">
   <subfield code="a">STEM backlog projec</subfield>
  </datafield>
 </record>
</collection>
